<?xml version="1.0" encoding="UTF-8"?>
<collection xmlns="http://www.loc.gov/MARC21/slim">
  <record>
    <leader>00000nam  2200000   4500</leader>
    <controlfield tag="001">INLIS000000000003104</controlfield>
    <controlfield tag="005">20190625025507</controlfield>
    <datafield tag="035" ind1="#" ind2="#">
      <subfield code="a">0010-0718003104</subfield>
    </datafield>
    <controlfield tag="008">190625################g##########0#ind##</controlfield>
    <datafield tag="020" ind1="#" ind2="#">
      <subfield code="a">979404427-X</subfield>
    </datafield>
    <datafield tag="041" ind1=" " ind2=" ">
      <subfield code="a">id</subfield>
    </datafield>
    <datafield tag="082" ind1="#" ind2="#">
      <subfield code="a">153.8</subfield>
    </datafield>
    <datafield tag="090" ind1=" " ind2=" ">
      <subfield code="a">153.8 Kus m</subfield>
    </datafield>
    <datafield tag="100" ind1=" " ind2="#">
      <subfield code="a">Koeswara, E.</subfield>
    </datafield>
    <datafield tag="084" ind1="#" ind2="#">
      <subfield code="a">153.8 Kus m</subfield>
    </datafield>
    <datafield tag="245" ind1="1" ind2="#">
      <subfield code="a">Motivasi: Teori dan Penelitiannya /</subfield>
      <subfield code="c">E. Koeswara</subfield>
    </datafield>
    <datafield tag="250" ind1="#" ind2="#">
      <subfield code="a">Ed.1</subfield>
    </datafield>
    <datafield tag="260" ind1="#" ind2="#">
      <subfield code="a">Bandung :</subfield>
      <subfield code="b">Angkasa,</subfield>
      <subfield code="c">1986</subfield>
    </datafield>
    <datafield tag="300" ind1="#" ind2="#">
      <subfield code="a">xii, 247 hlm. :</subfield>
      <subfield code="b">ilus ;</subfield>
      <subfield code="c">21 cm</subfield>
    </datafield>
    <datafield tag="520" ind1="#" ind2="#">
      <subfield code="a">Salah satu bidang studi yang penting dalam psikologi adalah motivasi. Studi motivasi dipandang penting karena peranannya menyajikan konsepsi-konsepsi teoretis mengenai faktor-faktor dan proses-proses yang ada dibalik tingkah laku. Tetapi, studi yang penting ini di masyatakat kita belum begitu dikenal. Hal ini untuk sebagian disebabkan oleh fakta dan dapat dilihat dari fakta itu sendiri bahwa media informasi berupa buku yang menyajikan pembahasan mengenai motivasi secara komprehensif belum pernah ada. Melihat fakta yang tidak menguntungkan ini, penulis termotivasi untuk menulis buku yang sekarang sedang pembaca hadapi. Sesuai dengan judulnya , bukuyang belum bisa dikatakan komprehensif inimenyajikan pembahasan sejumlah teori motivasi berikt penelitian -penelitiannya. Penulis menyusun berdasarkan sistematika yang digunakan oleh Herbert L. Petri dalam buku yang berjudul Motivation: Theory and Research.</subfield>
    </datafield>
    <datafield tag="856" ind1="#" ind2="#">
      <subfield code="a">Perpustakaan Lembaga Administrasi Negara</subfield>
    </datafield>
    <datafield tag="990" ind1="#" ind2="#">
      <subfield code="a">00084635</subfield>
    </datafield>
  </record>
</collection>
